Los Problemas de los funcionarios de administración local no integrados en Cuerpos Nacionales en el año 1971 / Valentín Rodríguez Cabo
Descripción Física:
109, [6] p. ; 17 cm
Materias:
Funcionaris i empleats locals -- Espanya
MARC
| LEADER | 00000nam a2200000Ia 4500 | ||
|---|---|---|---|
| 001 | 14173 | ||
| 008 | 160829s9999 xx 000 0 cat d | ||
| 080 | |a M-4-148 | ||
| 100 | |a Rodríguez Cabo, Valentín |9 25548 | ||
| 245 | |a Los Problemas de los funcionarios de administración local no integrados en Cuerpos Nacionales en el año 1971 / Valentín Rodríguez Cabo | ||
| 260 | |a Lugo : |b Celta, DL 1972 | ||
| 300 | |a 109, [6] p. ; |c 17 cm | ||
| 650 | |a Funcionaris i empleats locals |x Espanya |9 43351 | ||
| 901 | |a Arxiu | ||
| 942 | |n 1 | ||
| 952 | |0 0 |1 0 |4 0 |6 M4148 |7 1 |9 43671 |a Arxiu |b Arxiu |d 2016-12-01 |l 0 |o M-4-148 |p 14173 |r 2016-12-01 00:00:00 |w 2016-12-01 |y ARXIU | ||
| 999 | |c 46219 |d 46219 | ||